000 00745nam a22002057a 4500
008 090318t xxu||||| |||| 00| 0 eng d
010 _aENG-93235
020 _c80.00
_a9788190715270
035 _aEN-76768
037 _bDBAD / PUB
040 _adpl
_bEnglish
082 _a485
100 _aArumairaj, A. Athisayam
245 _aStrengthen your communication /
_cby A. Athisayam Arumairaj
260 _c2008
_aChennai
_bVizhichudar Pathippagam
270 _a38, Bharathi Nagar, Muthanmai Salai,
_bChennai
_e600099
300 _a122p.
_c20cm (pbk)
942 _2ddc
_cEN
_mARU
_h485
999 _c25334
_d25334